000 00421nam a22001217a 4500
999 _c13872
_d13872
020 _a978-969-662-440-0
082 _a109
100 _aول ڈیورانٹ ; ترجمہ سید عابد علی عابد
245 _aداستان فلسفہ: دنیا کے عظیم ترین فلسفیوں کے افکار و حالات
260 _aجہلم پاکستان
_bبک کارنر
_c2022
300 _a582 صفحات
942 _cBK